000 01919nam a2200241 a 4500
005 20250409133238.0
008 250210s2023 000 0 eng d
020 _a978-607-8814-47-3
040 _aCO-CtgCURN
_bspa
_ccoctgcurn
082 0 4 _a337.48
_bZ392
100 1 _aZavala Cordero, Mauricio,
_dCoordinador.
245 1 0 _aTurismo, patrimonio e innovación en el contexto actual /
_cMauricio Zavala Cordero; Luis Enrique Ferro Vidal (Coord).
260 _aColima,México :
_bUniversidad de Colima,
_c2023.
300 _a245 páginas :
_bil.
500 _aIncluye reseñas curriculares páginas (233-241)
504 _aIncluye referencias bibliográficas al final de cada capítulo.
520 8 _aLos procesos de investigación turística en la actualidad son de carácter multidisciplinario, aunque en ocasiones no se ven representados de manera documentada. En este viaje de pensamiento reflexivo se invita al lector a apropiarse de la realidad material, inmaterial y natural. Este compendio tiene como principal interés investigativo al turismo, al patrimonio y a la innovación que se da en la actualidad. El patrimonio nace y se hace con el reconocimiento de lo que vale la pena mantener para significar el mundo en donde se vive. El turismo busca absorber momentos memorables, diseñando experiencias diferentes, mientras la innovación apoya al diseño de estrategias creativas y diferentes. Así, en el presente libro se despliegan diversas problemáticas para el análisis de lo que debiera ser, vivir, convivir y compartir eso que llamamos patrimonio.
650 0 _aTurismo.
700 1 _aFerro Vidal, Luis Enrique,
_dCoordinador.
856 7 _uhttps://unicurn.sharepoint.com/:b:/s/biblioteca/EfnHBhWodZ9Fi9OwXeoEDtEBvbS28ECKceDqUdnbin3K-g?e=By55wp
_zClic aqui para ver el texto completo
942 _cCF
_2ddc
_h337.48
_iZ392
999 _c29624
_d29624